Taylor Swift - guess the song with a random verse #3 - Statistics

General Stats
  • This quiz has been taken 42 times
  • The average score is 7 of 10
Answer Stats
Hint Answer % Correct
I love you, ain't that the worst thing you ever heard ? Cruel summer
94%
You had to kill me, but it killed you just the same My tears ricochet
91%
Do the girls back home touch you like I do ? Delicate
85%
I built a legacy that you can't undo thanK you aIMee
79%
'Cause love's never lost when perspective is earned Peter
74%
I've never heard silence quite this loud The story of us
74%
I am an architect, I'm drawing up the plans I think he knows
65%
You searched the world for somethin' else Wonderland
53%
I wanna tell you not to get lost in these petty things long story short
32%
Wishing the card was from you Superman
26%
No matching quizzes found
Score Distribution
Percent of People with Each Score
Percentile by Number Answered
Your Score History
You have not taken this quiz